000 01628cam a22003974a 4500
001 15317957
003 OSt
005 20251201103605.0
008 080605s2010 mauab 001 0 eng
010 _a 2008024305
020 _a9780321559449
_qse : alk. paper
020 _a0321559444
_qse : alk. paper
020 _a9780321567260
_qaie : alk. paper
020 _a0321567269
_qaie : alk. paper
035 _a15317957
040 _aDLC
_cDLC
_dDLC
050 0 0 _aQA152.3
_b.B546 2010
082 0 0 _a512.9
_222
100 1 _aBittinger, Marvin L.
245 1 0 _aElementary and intermediate algebra :
_bconcepts and applications /
_cMarvin L. Bittinger, David J. Ellenbogen, Barbara L. Johnson.
250 _a5th ed.
260 _aBoston :
_bAddison-Wesley,
_cc2010.
300 _a1 v. (various pagings) :
_bcol. ill., col. map ;
_c29 cm. +
_e3 CD-ROM (4 3/4 in.)
336 _atext
_btxt
_2rdacontent
337 _aunmediated
_bn
_2rdamedia
338 _avolume
_bnc
_2rdacarrier
500 _aIncludes index.
650 0 _aAlgebra
_vTextbooks.
700 1 _aEllenbogen, David.
700 1 _aJohnson, Barbara L.
_q(Barbara Loreen),
_d1962-
856 4 1 _3Table of contents only
_uhttp://www.loc.gov/catdir/toc/ecip0820/2008024305.html
906 _a7
_bcbc
_corignew
_d1
_eecip
_f20
_gy-gencatlg
942 _2lcc
_cBK
999 _c253587
_d253586